000 00483nam a2200193Ia 4500
005 20250423095401.0
008 250422s9999 xx 000 0 und d
020 _a0-13-147466-9
050 _aPE1128.F555
100 _aMarjorie Fuchs
245 0 _aFocus on grammar : an intergrated skills approach
250 _aThird Edition
260 _aNew York
260 _bPearson Longman
260 _c1995
300 _a435 p
650 _aEnglish language grammar
942 _cBK
999 _c30114
_d30114